[Event "Olympiad Women-45"]
[Site "Budapest"]
[Date "2024.09.21"]
[Round "10.3"]
[White "Aishath, Iva Hassan"]
[Black "Oseguera, Suhey"]
[Result "1/2-1/2"]
[WhiteElo "1422"]
[BlackElo "1590"]
[PlyCount "169"]
[EventDate "2024.09.11"]
[EventType "team-swiss"]
[EventRounds "11"]
[EventCountry "HUN"]
[SourceTitle "EXT 2025"]
[Source "ChessBase"]
[SourceDate "2024.10.14"]
[SourceVersion "1"]
[SourceVersionDate "2024.10.14"]
[SourceQuality "1"]
[WhiteTeam "Maldives (W)"]
[BlackTeam "Honduras (W)"]
[WhiteTeamCountry "MDV"]
[BlackTeamCountry "HON"]

1. d4 d5 2. Nc3 c6 3. Bf4 Bf5 4. e3 e6 5. Nf3 Nf6 6. Ne5 Nbd7 7. g4 Bg6 8. h4 h6 9. Nxg6 fxg6 10. Bd3 Bb4 11. Bxg6+ Ke7 12. Qf3 Qa5 13. Kd2 Nb6 14. Qg3 Nc4+ 15. Ke2 Bxc3 16. Bc7 Qa6 17. bxc3 Ne5+ 18. Bd3 Nc4 19. f3 Qa3 20. Bxc4 dxc4 21. Qe1 Nd5 22. Be5 Rhg8 23. e4 Nxc3+ 24. Kf2 Raf8 25. Rh3 Nb5 26. d5 c5 27. dxe6 Kxe6 28. Qb1 Nd4 29. Bxd4 cxd4 30. Qxb7 Qe3+ 31. Kf1 Rxf3+ 32. Rxf3 Qxf3+ 33. Kg1 Qg3+ 34. Kh1 Qxh4+ 35. Kg2 Qxg4+ 36. Kh1 Qf3+ 37. Kg1 Qe3+ 38. Kh1 Qf3+ 39. Kg1 Qg4+ 40. Kh1 Rd8 41. Rb1 d3 42. cxd3 cxd3 43. Qc6+ Rd6 44. Qc8+ Rd7 45. Qc6+ Kf7 46. Rb7 Rxb7 47. Qxb7+ Kg6 48. Qa6+ Kh5 49. Qxd3 Qe6 50. Qe2+ Kg5 51. Qf3 Qg4 52. Qe3+ Qf4 53. Qc5+ Kh4 54. Qe7+ g5 55. e5 Kg3 56. Qa3+ Kg4 57. Qe7 h5 58. e6 Qe4+ 59. Kg1 h4 60. Qf7 h3 61. Qf2 Qxe6 62. Kh1 Qe4+ 63. Kg1 Qf3 64. Qd4+ Kg3 65. Qd6+ Qf4 66. Qd3+ Kg4 67. Qd7+ Qf5 68. Qd1+ Kh4 69. Qe1+ Kh5 70. Qe8+ Qg6 71. Qh8+ Qh6 72. Qe8+ Kh4 73. Qe1+ Kh5 74. Qe8+ Qg6 75. Qh8+ Kg4 76. Qd4+ Kf3 77. Qc3+ Kg4 78. Qd4+ Kh5 79. Qh8+ Qh6 80. Qe8+ Kg4 81. Qe4+ Kg3 82. Qe3+ Kg4 83. Qe4+ Kh5 84. Qe8+ Kh4 85. Qe1+ 1/2-1/2